| 000 | 00563nam a2200217Ia 4500 | ||
|---|---|---|---|
| 003 | OSt | ||
| 005 | 20220918192945.0 | ||
| 006 | a|||||r|||| 00| 0 | ||
| 007 | ta | ||
| 008 | 220917b |||||||| |||| 00| 0 eng d | ||
| 024 | _a71,317 | ||
| 037 | _cTextual | ||
| 040 |
_aARTS _cARTS _beng |
||
| 041 |
_2eng _aeng |
||
| 082 | _aR3xM811:4, K5 | ||
| 100 |
_aDe Chardin P T _980760 |
||
| 245 | 0 | _aAppearance of man tr from the French by J M Cohen | |
| 260 | _c1965 | ||
| 942 |
_hR3xM811:4, K5 _cTEXL _2CC |
||
| 999 |
_c197390 _d197390 |
||